Dilatometrická analýza nástrojových ocelí
Gespeichert in:
| 1. Verfasser: | |
|---|---|
| Weitere Verfasser: | |
| Format: | Manuskript Buch |
| Sprache: | Slowakisch |
| Veröffentlicht: |
2015
|
| Schlagworte: | |
| Online-Zugang: | http://is.stuba.sk/zp/portal_zp.pl?podrobnosti=110755 |
| Tags: |
Keine Tags, Fügen Sie das erste Tag hinzu!
|
MARC
| LEADER | 00000ntm a22000003a 4500 | ||
|---|---|---|---|
| 001 | stuzp51120 | ||
| 003 | SK-STU | ||
| 005 | 20160719153746.8 | ||
| 007 | ta | ||
| 008 | 150427s2015----xo-----f-mn---000-0-slo-d | ||
| 040 | |a STU |b slo | ||
| 041 | 0 | |a slo | |
| 100 | 1 | |a Horváth, Ľuboš, |d 1986- |u 061000 |4 aut |U MTF Materiálovotechnologická fakulta |T MTF Ústav materiálov |X 44710 |U M1000 |Y 81 |7 A000044710 | |
| 242 | 0 | 1 | |a Dilatometric Analysis of the Tool Steel |y eng |
| 245 | 1 | 0 | |a Dilatometrická analýza nástrojových ocelí |
| 260 | |c 2015 | ||
| 650 | 4 | |a dilatometrická analýza |2 slo | |
| 650 | 4 | |a nástrojová oceľ |2 slo | |
| 650 | 4 | |a teplotná rozťažnosť |2 slo | |
| 650 | 4 | |a optimalizačné metódy |2 slo | |
| 650 | 4 | |a kinetika |2 slo | |
| 650 | 4 | |a dilatometric analysis |2 eng | |
| 650 | 4 | |a tool steel |2 eng | |
| 650 | 4 | |a thermal expansion |2 eng | |
| 650 | 4 | |a optimization methods |2 eng | |
| 650 | 4 | |a kinetics |2 eng | |
| 700 | 1 | |a Dobrotka, Andrej, |d 1977- |4 ths |X 4312 |7 A000004312 | |
| 856 | 4 | |u http://is.stuba.sk/zp/portal_zp.pl?podrobnosti=110755 | |
| 996 | |c M* DP-12308 |l MMSKP |s P |a 0 |w stuzp51120_0001 | ||
| SQL | |a stuzp51120 |b DDP |c SLO |d Dilatometrická analýza nástrojových ocelí |e 44710 |f Horváth, Ľuboš |g 061000 |h 4312 |i Dobrotka, Andrej |j 20150609 |k 667 |l 06 |m http://is.stuba.sk/zp/portal_zp.pl?podrobnosti=110755 |n I-MI |o 5.2.26. materiály | ||